ბათუმის შოთა რუსთაველის სახელმწიფო უნივერსიტეტის ბიბლიოთეკა

საზოგადოებრივი ადმინისტრირების საფუძვლები და საზოგადოებრივი ადმინისტრირება საქართველოში (ბიბ.ჩანაწერი № 34763)

000 -LEADER
fixed length control field 01083nam a2200217Ia 4500
001 - CONTROL NUMBER
control field 564
003 - CONTROL NUMBER IDENTIFIER
control field GE_BSU
008 - FIXED-LENGTH DATA ELEMENTS--GENERAL INFORMATION
fixed length control field 181216s||||||||xx |||||||||||||| ||und||
020 ## - INTERNATIONAL STANDARD BOOK NUMBER
International Standard Book Number 9789941014031
040 ## - CATALOGING SOURCE
Transcribing agency GE_BSU
080 ## - UNIVERSAL DECIMAL CLASSIFICATION NUMBER
Universal Decimal Classification number 35(479.22)(075.8)+338.486.1(479.22
100 ## - MAIN ENTRY--PERSONAL NAME
Personal name ზარნაძე,ნინო;ნარმანია,დავით
245 ## - TITLE STATEMENT
Title საზოგადოებრივი ადმინისტრირების საფუძვლები და საზოგადოებრივი ადმინისტრირება საქართველოში
245 ## - TITLE STATEMENT
Remainder of title დამხმარე სახელმძღვანელო
260 ## - PUBLICATION, DISTRIBUTION, ETC.
Place of publication, distribution, etc. თბილისი
260 ## - PUBLICATION, DISTRIBUTION, ETC.
Date of publication, distribution, etc. 2009
300 ## - PHYSICAL DESCRIPTION
Extent 290გვ.
653 ## - INDEX TERM--UNCONTROLLED
Uncontrolled term საზოგადოებრივი ადმინისტრირების საფუძვლები და საზოგადოებრივი ადმინისტრირება საქართველოში
942 ## - ADDED ENTRY ELEMENTS (KOHA)
Koha item type წიგნი
ეგზემპლარები
Withdrawn status Lost status Damaged status Not for loan Date acquired Barcode Date last seen Price effective from Koha item type
        2018-12-17 994 2018-12-17 2018-12-17 წიგნი